Tvář za sklem : výbor z básní /
Uložené v:
| Hlavný autor: | |
|---|---|
| Ďalší autori: | |
| Médium: | Kniha |
| Jazyk: | Czech |
| Vydané: |
Praha :
Odeon,
1975.
|
| Vydanie: | 1. vyd. |
| Edícia: | Světová četba
sv. 455 |
| ISBN: |
(brož.) |
| Fyzický popis: |
125, [6] s. |
| Tagy: |
Pridať tag
Žiadne tagy, Buďte prvý kto otaguje tento záznam!
|
Titul je dostupný aj v ... 

MARC
| LEADER | 00000nam a22000001 4500 | ||
|---|---|---|---|
| 001 | 000420321 | ||
| 005 | 20130611072906.0 | ||
| 008 | 970116s1975 xr 000 0 cze d | ||
| 020 | |a (brož.) |c Kčs 8,00 | ||
| 040 | |a SVKKK |b slo |c SVKKK |e AACR2 | ||
| 041 | 0 | |a cze | |
| 044 | |a xr |c CZ | ||
| 100 | 1 | |a Wolker, Jiří, |d 1900-1924 | |
| 245 | 1 | 0 | |a Tvář za sklem : |b výbor z básní / |c Jiří Wolker ; uspor. Vilém Závada. |
| 250 | |a 1. vyd. | ||
| 260 | |a Praha : |b Odeon, |c 1975. | ||
| 300 | |a 125, [6] s. | ||
| 366 | |e 3500 výt. | ||
| 490 | 1 | |a Světová četba ; |v sv. 455 | |
| 500 | |a Pozn. o autorovi | ||
| 500 | |a Vyd. k 75. výročiu básnikových narodenín | ||
| 700 | 1 | |a Závada, Vilém, |d 1905-1982 |4 com | |
| 830 | 0 | |a Světová četba |v sv. 455 | |
| 910 | |a svkkk | ||
| 998 | |a BK | ||
| 090 | |g SCKHL |k Sklad Hlavná 10 suterén |a I.44016 |j 521174 |i 2720631832 |s Povinný výt. | ||